| 000 | 00888nas a2200277 4500 | ||
|---|---|---|---|
| 001 | BR2019000434 | ||
| 003 | BR-BrBNA | ||
| 005 | 20231205131606.0 | ||
| 007 | ta | ||
| 008 | 230509b bl.|||p| |||| 00| 00por d | ||
| 040 |
_aBR-BrBNA _bpor _cBiblioteca Nacional de Agricultura |
||
| 041 | _a(En) | ||
| 072 | _aF04 | ||
| 100 | 1 | _aSantos, W.O. | |
| 100 | 1 | _aMattiello, E.M. | |
| 100 | 1 | _aBarreto, M.S.C. | |
| 100 | 1 | _aCantarutti, R.B. | |
| 245 | 1 | _aAcid ammonium citrate as P extractor for fertilizers of varying solubility | |
| 650 | _aÁCIDO CÍTRICO | ||
| 650 | _aFERTILIZANTE FOSFATADO | ||
| 650 | _aSOLO | ||
| 773 | 0 |
_tRevista Brasileira de Ciência do Solo (Brazil) _xISSN 1806-9657 _g(2019), v. 43 p. 1-12 _wBR2019000434 |
|
| 856 | 4 | 0 | _uhttp://www.scielo.br/pdf/rbcs/v43/1806-9657-rbcs-43-e0180072.pdf |
| 909 |
_a202311 _bLúcia _c55 _dLúcia Elande |
||
| 942 |
_2AGRIS _n0 _cANA |
||
| 999 |
_c255617 _d255617 |
||